000 00661nas a2200229 4500
001 BR9512015
003 BR-BrBNA
005 20231205094618.0
007 ta
008 230509b bl.|||p| |||| 00| 00por d
040 _aBR-BrBNA
_bpor
_cBiblioteca Nacional de Agricultura
041 _a(Pt)
072 _aL01
100 1 _aAnon.
245 1 _aCriacao extensiva de ovelhas perde terreno para sistema misto
650 _aOvino
650 _aCriacao Extensiva
650 _aCurral
773 0 _tAgricultura e Pecuaria (Brazil)
_xISSN 0100-249x
_g(Oct 1975), no. 604 p. 38-39
_wBR9512015
909 _a202311
_bLúcia
_c55
_dLúcia Elande
942 _2AGRIS
_n0
_cANA
999 _c145654
_d145654